Giám sát thi công, vận hành duy tu, bảo dưỡng công trình thuộc chương trình nông thôn mới
Nội dung sách giới thiệu phương pháp giám sát chất lượng thi công công trình cơ sở hạ tầng thuộc chương trình nông thôn mới. Vận hành, duy tu, bảo dưỡng công trình cơ sở hạ tầng thuộc chương trình nông thôn mới....
Spremljeno u:
| Glavni autor: | |
|---|---|
| Format: | Knjiga |
| Jezik: | Vietnamese |
| Izdano: |
H.
Xây dựng
2022
|
| Teme: | |
| Oznake: |
Dodaj oznaku
Bez oznaka, Budi prvi tko označuje ovaj zapis!
|
| Thư viện lưu trữ: | Thư viện Trường Đại học Nam Cần Thơ |
|---|
| LEADER | 01638nam a22002297a 4500 | ||
|---|---|---|---|
| 001 | NCT_146318 | ||
| 008 | 230331b xxu||||| |||| 00| 0 vie d | ||
| 999 | |c 7535 |d 7535 | ||
| 020 | |a 9786048270544 |c 40000 | ||
| 082 | 0 | 4 | |2 23rd ed. |a 624 |b Ph121 |
| 100 | 1 | |a Tạ Văn Phấn |e Chủ biên | |
| 245 | 1 | 0 | |a Giám sát thi công, vận hành duy tu, bảo dưỡng công trình thuộc chương trình nông thôn mới |c Tạ Văn Phấn (Chủ biên) |
| 260 | |a H. |b Xây dựng |c 2022 | ||
| 300 | |a 400tr. |b minh họa |c 21 cm | ||
| 520 | 3 | |a Nội dung sách giới thiệu phương pháp giám sát chất lượng thi công công trình cơ sở hạ tầng thuộc chương trình nông thôn mới. Vận hành, duy tu, bảo dưỡng công trình cơ sở hạ tầng thuộc chương trình nông thôn mới. | |
| 653 | |a Kỹ thuật Công trình Xây dựng | ||
| 942 | |2 ddc |c BK | ||
| 952 | |0 0 |1 0 |2 ddc |4 0 |6 624_000000000000000_PH121 |7 0 |9 27157 |a 000001 |b 000001 |d 2023-03-31 |o 624 Ph121 |p MD.21116 |r 2023-03-31 |v 40000.00 |w 2023-03-31 |y BK | ||
| 952 | |0 0 |1 0 |2 ddc |4 0 |6 624_000000000000000_PH121 |7 0 |9 27158 |a 000001 |b 000001 |d 2023-03-31 |o 624 Ph121 |p MD.21117 |r 2023-03-31 |v 40000.00 |w 2023-03-31 |y BK | ||
| 952 | |0 0 |1 0 |2 ddc |4 0 |6 624_000000000000000_PH121 |7 0 |9 27159 |a 000001 |b 000001 |d 2023-03-31 |o 624 Ph121 |p MD.21118 |r 2023-03-31 |v 40000.00 |w 2023-03-31 |y BK | ||
| 952 | |0 0 |1 0 |2 ddc |4 0 |6 624_000000000000000_PH121 |7 0 |9 27160 |a 000001 |b 000001 |d 2023-03-31 |o 624 Ph121 |p MD.21119 |r 2023-03-31 |v 40000.00 |w 2023-03-31 |y BK | ||
| 980 | |a Thư viện Trường Đại học Nam Cần Thơ | ||


